Mécanique des fluides; T2 Recuelil de problèmes

保存先:
書誌詳細
第一著者: Patrick Huerre
フォーマット: 図書
言語:Undetermined
出版事項: Paris école polytechnique 2000
主題:
タグ: タグ追加
タグなし, このレコードへの初めてのタグを付けませんか!
Thư viện lưu trữ: Trung tâm Học liệu Trường Đại học Cần Thơ
LEADER 00535nam a2200193Ia 4500
001 CTU_42613
008 210402s9999 xx 000 0 und d
082 |a 532 
082 |b H887 
100 |a Patrick Huerre 
245 0 |a Mécanique des fluides; T2 
245 0 |b Recuelil de problèmes 
245 0 |c Patrick Huerre 
260 |a Paris 
260 |b école polytechnique 
260 |c 2000 
650 |a fluid mechanics 
904 |i Nguyễn Quang Điền, 010704 
980 |a Trung tâm Học liệu Trường Đại học Cần Thơ